<?xml version="1.0" encoding="UTF-8"?>
<collection xmlns="http://www.loc.gov/MARC21/slim">
<record>
  <controlfield tag="001">6668</controlfield>
  <controlfield tag="005">20240125153628.0</controlfield>
  <datafield tag="037" ind1=" " ind2=" ">
    <subfield code="a">SEMIN-2024-0018</subfield>
  </datafield>
  <datafield tag="100" ind1=" " ind2=" ">
    <subfield code="a">Merle, Thibault</subfield>
  </datafield>
  <datafield tag="245" ind1=" " ind2=" ">
    <subfield code="a">Spectroscopic binaries and higher-order systems in large surveys </subfield>
  </datafield>
  <datafield tag="260" ind1=" " ind2=" ">
    <subfield code="c">2023</subfield>
  </datafield>
  <datafield tag="269" ind1=" " ind2=" ">
    <subfield code="c">2023-11-07</subfield>
  </datafield>
  <datafield tag="520" ind1=" " ind2=" ">
    <subfield code="a">Multiplicity among field and cluster stars is ubiquitous. The properties of binary stars are therefore fundamental to understand how stars were formed and how they evolve. Interaction processes between components may lead to complex outcomes like chemically peculiar stars, stripped stars, transients and merger events. Binaries are easily identified through radial velocity variations measured in spectroscopy. Large spectroscopic surveys, like the Gaia-ESO survey (GES), are providing high accuracy radial velocities and chemical abundances for hundreds of thousands of stars. Among them, spectroscopic multiple stellar systems (spectroscopic binaries with one ore more visible components: SBn, with n ≥ 1) deserve special investigation since the determined radial velocities and chemical abundances could be potentially affected by multiplicity. In this talk, I will summarize the findings obtained in the GES in terms of stellar multiplicity and the statistical properties of binary stars and present perspective in the context of other surveys (GALAH, 4MOST, MSE).</subfield>
  </datafield>
  <datafield tag="536" ind1=" " ind2=" ">
    <subfield code="a">Prf-2020-033_BISTRO/</subfield>
    <subfield code="c">Prf-2020-033_BISTRO/</subfield>
    <subfield code="f">Prf-2020-033_BISTRO</subfield>
  </datafield>
  <datafield tag="594" ind1=" " ind2=" ">
    <subfield code="a">NO</subfield>
  </datafield>
  <datafield tag="773" ind1=" " ind2=" ">
    <subfield code="t">Ljubljana University</subfield>
  </datafield>
  <datafield tag="856" ind1="0" ind2=" ">
    <subfield code="f">thibault.merle@ksb-orb.be</subfield>
  </datafield>
  <datafield tag="856" ind1="4" ind2=" ">
    <subfield code="s">9483649</subfield>
    <subfield code="u">http://publi2-as.oma.be/record/6668/files/presentation_ljubljana.pdf</subfield>
  </datafield>
  <datafield tag="856" ind1="4" ind2=" ">
    <subfield code="s">6464</subfield>
    <subfield code="u">http://publi2-as.oma.be/record/6668/files/presentation_ljubljana.gif?subformat=icon</subfield>
    <subfield code="x">icon</subfield>
  </datafield>
  <datafield tag="856" ind1="4" ind2=" ">
    <subfield code="s">7591</subfield>
    <subfield code="u">http://publi2-as.oma.be/record/6668/files/presentation_ljubljana.jpg?subformat=icon-180</subfield>
    <subfield code="x">icon-180</subfield>
  </datafield>
  <datafield tag="980" ind1=" " ind2=" ">
    <subfield code="a">SEMIN</subfield>
  </datafield>
</record>
</collection>